Programovanie spracovania v reálnom čase /
Salvato in:
| Autore principale: | |
|---|---|
| Natura: | Libro |
| Lingua: | slovacco |
| Pubblicazione: |
Bratislava :
STU v Bratislave,
1986
|
| Edizione: | 1.vyd. |
| Tags: |
Nessun Tag, puoi essere il primo ad aggiungerne!!
|
MARC
| LEADER | 00000nam a22000003a 4500 | ||
|---|---|---|---|
| 001 | stu6366 | ||
| 005 | 20150617225808.6 | ||
| 008 | 940801s1986----cs------------------slo-d | ||
| 040 | |a STU |b slo | ||
| 041 | 0 | |a slo | |
| 044 | |a cs | ||
| 100 | 1 | |a Vojtek, Vladimír, |d 1954- |4 aut |u E220 |U FEI Fakulta elektrotechniky a informatiky |T FEI Katedra informatiky a výpočtovej techniky |X 1930 |U E220 |Y 69 |7 1930 | |
| 245 | 1 | |a Programovanie spracovania v reálnom čase / |c [aut.] Vojtek,Vladimír | |
| 250 | |a 1.vyd. | ||
| 260 | |a Bratislava : |b STU v Bratislave, |c 1986 | ||
| 300 | |a 128 s | ||
| 996 | |c I*S759 |l II680 |s A |a 24 |w stu6366_0001 | ||
| 996 | |b E61452 |c E*61452 |l EE01 |s A |a 24 |w stu6366_0002 | ||